000 00570nam a22002177a 4500
003 OSt
005 20170124173920.0
008 170124b xxu||||| |||| 00| 0 eng d
020 _a0443073864
040 _cDMLN
082 _aWU100 C615c 2004
100 _aEdited by Odell Edward W.
_911452
245 _aClinical Problem Solving in Dentistry
250 _a2nd ed.
260 _aEdinburgh; Churchill, 2004
300 _ax,288p; col.ill: 30cm
504 _aIndex included
650 _aDental problems
_911453
650 _aDentistry
_93762
942 _2z
_cO_SHELF
999 _c5484
_d5484